| 000 | 00977cam a2200181 4500 | ||
|---|---|---|---|
| 001 | ABS61251 | ||
| 008 | 000000n1999 000 0 eng u | ||
| 035 | _a(Sirsi) u101867 | ||
| 100 | _aGrinfeld, A. | ||
| 245 | _aAsbestos: the agenda. | ||
| 260 | _c1999 | ||
| 490 |
_aRIBA Journal _v106(9) September 1999, 98-101(2) |
||
| 520 | _aExplains the effects of four amendments to the asbestos regulations coming into force in 1999 and 2000. In particular, plans to amend the Control of Asbestos at Work (CAW) Regulations 1987 will require people in control of non-domestic premises to identify, assess and manage asbestos risks in their buildings. This is an extension of the current basic duty to manage asbestos. Summarises the risks of asbestos and methods of carrying out an asbestos survey & risk assessment. | ||
| 650 | _aMANAGEMENT-HEALTH AND SAFETY-HAZARDOUS SUBSTANCES-ASBESTOS | ||
| 650 | _aREGULATIONS | ||
| 690 | _aOFFICE SERVICES AND ADMINISTRATION | ||
| 942 | _n0 | ||
| 999 |
_c60972 _d60972 |
||